000 00954cam a2200265 a 4500
001 000011616
005 20260213105849.0
008 000719s1999 ck a b 001 0 spa
020 _a9588017327
040 _aDO-SdBNP
_bspa
_cDLC
_dBNPHU
042 _apcc
043 _as-ck---
082 _a659.1
_bN718c
100 1 _aNiño Prato, Édgar Allan,
_d1969-
_927476
245 1 0 _aCómo crear mensajes publicitarios de impacto :
_bguía práctica de retórica publicitaria /
_cÉdgar Allan Niño Prato ; prólogo Gustavo Sandoval Mendoza.
260 _aSantafé de Bogotá :
_b3R,
_c1999.
300 _axii, 83 p. :
_bil. ;
_c24 cm.
504 _aIncluye referencias bibliográficas [p. 61].
650 0 _aPublisidad
_913236
650 4 _aPublicidad
_xAspectos psicológicos
_95192
650 4 _aAptitud creadora en publicidad
_927477
700 1 _aSandoval Mendoza, Gustavo,
_epról.
_927478
910 _aCatalogación por copia / LC
049 _aBNGR
999 _c11309
_d11309